General Culture- 6- TV - Statistics

General Stats
  • This quiz has been taken 61 times
  • The average score is 2 of 10
Answer Stats
Question Answer % Correct
In what Netflix series does actress Gillian Anderson play a sex therapist? Sex Education
77%
The six main stars of Friends appeared in all 236 episodes. Who is the next most regular character to appear in the show? Gunther (151 episodes) Gunther (151 episodes)
38%
What is the capital of Westeros in Game of Thrones? King’s Landing
38%
Who played Queen Elizabeth II in the first two seasons of The Crown? Claire Foy
26%
In what year was the first episode of Coronation Street broadcasted on ITV? 1960
21%
BBC Three series Normal People is based on a book but who is the author? Sally Rooney
13%
Who presented TV quiz Blockbusters between 1983 and 1995? Bob Holness
9%
Who does the voiceover on Love Island? Iain Stirling
9%
In Emmerdale, on New Year's Day in 2004, who died when The Woolpack pub's chimney came crashing down in a storm? Trisha Dingle
4%
In Netflix's Tiger King, what is the name of Carole Baskin's second husband who many believe she fed to the tigers? Don Lewis
2%
No matching quizzes found
Score Distribution
Percent of People with Each Score
Percentile by Number Answered
Your Score History
You have not taken this quiz